000 00463nam a2200181Ia 4500
001 912
005 20260306140553.0
008 260306t2014||||xx |||||||||||||| ||spa||
041 _aESP
082 _a174
_bR33
100 _aRecojo, Pedro
_eAUT
245 0 _aÉtica para directivos y consejeros:
_bcómo construir empresas excelentes y socialmente responsables
260 _c2014
300 _a
_c
650 _aGEN
654 _aCHU
942 _cLIB
_dJUS
_fJUS
_2ddc
_n
999 _c912
_d912